দীনবন্ধু মিত্রের নাট্যসমীক্ষা / (Record no. 41257)
[ view plain ]
| 000 -LEADER | |
|---|---|
| fixed length control field | 01094nam a2200241 a 4500 |
| 001 - CONTROL NUMBER | |
| control field | 41257 |
| 003 - CONTROL NUMBER IDENTIFIER | |
| rucl marc code | BD-RjUL |
| 005 - DATE AND TIME OF LATEST TRANSACTION | |
| control field | 20211209053344.0 |
| 008 - FIXED-LENGTH DATA ELEMENTS--GENERAL INFORMATION | |
| fixed length control field | 160518s1980 ii ||||| |||| 00| d ben d |
| 020 ## - INTERNATIONAL STANDARD BOOK NUMBER | |
| Terms of availability | IRs. 30.00 |
| 035 ## - SYSTEM CONTROL NUMBER | |
| System control number | (BD-RjUL)41374 |
| 040 ## - CATALOGING SOURCE | |
| Original cataloging agency | BD-RjUL |
| Language of cataloging | ben |
| Transcribing agency | BD-RjUL |
| Modifying agency | BD-RjUL |
| 041 ## - LANGUAGE CODE | |
| Language code of text/sound track or separate title | ben |
| 082 ## - DEWEY DECIMAL CLASSIFICATION NUMBER | |
| Edition number | 23 |
| Classification number | 891.44209 |
| Author mark and year | MID 1980 |
| 100 ## - MAIN ENTRY--PERSONAL NAME | |
| Personal name | মিত্র, দীনবন্ধু |
| 9 (RLIN) | 126929 |
| 245 10 - TITLE STATEMENT | |
| Title | দীনবন্ধু মিত্রের নাট্যসমীক্ষা / |
| Statement of responsibility, etc. | দীনবন্ধু মিত্র ; ভবানীগোপাল সান্যাল সম্পাদনা |
| 260 ## - PUBLICATION, DISTRIBUTION, ETC. (IMPRINT) | |
| Place of publication, distribution, etc. | কলিকাতা : |
| Name of publisher, distributor, etc. | মডার্ণ বুক এজেন্সী, |
| Date of publication, distribution, etc. | ১৯৮০ |
| 300 ## - PHYSICAL DESCRIPTION | |
| Pagination | [৮], ২২৩ পৃ. ; |
| Size | ২৩ সেমি. |
| 650 ## - SUBJECT ADDED ENTRY--TOPICAL TERM | |
| Topical term or geographic name as entry element | বাংলা নাটক |
| General subdivision | ইতিহাস ও সমালোচনা |
| 9 (RLIN) | 123674 |
| Topical term or geographic name as entry element | Bengali Drama |
| General subdivision | History and Criticism |
| 9 (RLIN) | 122764 |
| 700 ## - ADDED ENTRY--PERSONAL NAME | |
| Personal name | সান্যাল, ভবানীগোপাল, সম্পাদক |
| 942 ## - ADDED ENTRY ELEMENTS (KOHA) | |
| Source of classification or shelving scheme | Dewey Decimal Classification |
| Koha item type | Books |
| Lost status | Source of classification or shelving scheme | Damaged status | Not for loan | Collection code | Permanent Location | Current Location | Shelving location | Date acquired | Source of acquisition | Cost, normal purchase price | Total Checkouts | Full call number | Date last seen | Date checked out | Copy number | Koha item type |
|---|---|---|---|---|---|---|---|---|---|---|---|---|---|---|---|---|
| Dewey Decimal Classification | Non-fiction | Central Library, University of Rajshahi | Central Library, University of Rajshahi | 30/01/1997 | Ankur Prokasoni, Dhaka | 30.00 | 3 | B 891.44209 MID 1980 | 25/02/2025 | 13/02/2025 | C-2 | Books |